书目信息 |
| 题名: |
生态经济视野下的产业发展与生态补偿研究
|
|
| 作者: | 陈厚义 著 | |
| 分册: | ||
| 出版信息: | 北京 科学出版社 2013 |
|
| 页数: | 199页 | |
| 开本: | 24cm | |
| 丛书名: | ||
| 单 册: | ||
| 中图分类: | F127.73 , X-012.73 | |
| 科图分类: | ||
| 主题词: | 产业发展--研究--贵州 , 生态环境--补偿机制--研究--贵州 , 产业发展 , 生态环境 , 补偿机制 | |
| 电子资源: | ||
| ISBN: | 978-7-03-038147-7 | |
| 000 | 01214nam0 2200313 450 | |
| 001 | 523 | |
| 005 | 20140908162721.23 | |
| 010 | @a978-7-03-038147-7@dCNY58.00 | |
| 100 | @a20130822d2013 em y0chiy50 ea | |
| 101 | 0 | @achi |
| 102 | @aCN@b110000 | |
| 105 | @ay z 000yy | |
| 106 | @ar | |
| 200 | 1 | @a生态经济视野下的产业发展与生态补偿研究@ASheng Tai Jing Ji Shi Ye Xia De Chan Ye Fa Zhan Yu Sheng Tai Bu Chang Yan Jiu@e以贵州省为例@EYi Gui Zhou Sheng Wei Li@f陈厚义等著@FChen Hou Yi Deng Zhu |
| 210 | @a北京@c科学出版社@d2013 | |
| 215 | @a199页@d24cm | |
| 300 | @a山地资源环境与经济发展系列 贵州财经大学欠发达地区经济发展研究中心资助出版 | |
| 330 | @a本书采用科学的指标体系,对贵州当前的生态经济进行了系统评价,梳理了贵州产业结构状况及其对生态环境所产生的影响,对贵州矿产采空区和农业生态补偿问题提出了针对性的政策建议。 | |
| 517 | 1 | @a以贵州省为例@AYi Gui Zhou Sheng Wei Li |
| 606 | 0 | @a产业发展@x研究@y贵州 |
| 606 | 0 | @a生态环境@x补偿机制@x研究@y贵州 |
| 606 | 0 | @a产业发展 |
| 606 | 0 | @a生态环境 |
| 606 | 0 | @a补偿机制 |
| 690 | @aF127.73@v5 | |
| 690 | @aX-012.73@v5 | |
| 701 | 0 | @a陈厚义@AChen Hou Yi@f(1956~)@4著 |
| 801 | 0 | @aCN@bTANGWEI@c20140603 |
| 905 | @b0838627-29@dF127.73@e238@f3 | |
| 生态经济视野下的产业发展与生态补偿研究:以贵州省为例/陈厚义等著.-北京:科学出版社,2013 |
| 199页;24cm |
| 山地资源环境与经济发展系列 贵州财经大学欠发达地区经济发展研究中心资助出版 |
| ISBN 978-7-03-038147-7:CNY58.00 |
| 本书采用科学的指标体系,对贵州当前的生态经济进行了系统评价,梳理了贵州产业结构状况及其对生态环境所产生的影响,对贵州矿产采空区和农业生态补偿问题提出了针对性的政策建议。 |
| ● |
| 相关链接 |
|
|
|
|
正题名:生态经济视野下的产业发展与生态补偿研究
索取号:F127.73/238
 
预约/预借
| 序号 | 登录号 | 条形码 | 馆藏地/架位号 | 状态 | 备注 |
| 1 | 0838627 | 208386272 | 第一样本阅览室/ [索取号:F127.73/238] | 在馆 | |
| 2 | 0838628 | 208386281 | 密集书库-海洋学院/ [索取号:F127.73/238] | 在馆 | |
| 3 | 0838629 | 208386290 | 第一借阅区/ [索取号:F127.73/238] | 在馆 |